书目信息 |
| 题名: |
中国钢琴作品选
|
|
| 作者: | 任音童 , 巢志珏 编 | |
| 分册: | 二 | |
| 出版信息: | 北京 人民音乐出版社 1999 |
|
| 页数: | 161页 | |
| 开本: | 31cm | |
| 丛书名: | ||
| 单 册: | ||
| 中图分类: | J647.41 | |
| 科图分类: | ||
| 主题词: | 钢琴谱--中国--现代--选集 , 钢琴谱 | |
| 电子资源: | ||
| ISBN: | 7-103-01705-0 | |
| 000 | 00793ncm0 2200241 45 | |
| 001 | 012000050398 | |
| 005 | 20070807143820.76 | |
| 010 | @a7-103-01705-0@dCNY34.00 | |
| 100 | @a20001108d1999 em y0chiy0121 ea | |
| 101 | 0 | @achi |
| 102 | @aCN@b110000 | |
| 105 | @ag z 000yy | |
| 200 | 1 | @a中国钢琴作品选@9zhong guo gang qin zuo pin xuan@h二@f任音童,巢志珏编 |
| 210 | @a北京@c人民音乐出版社@d1999@h2005 | |
| 215 | @a161页@d31cm | |
| 330 | @a本书收王立平的《小奏鸣曲》、杨立青的《小奏鸣曲》、黄虎威的《F小调小奏鸣曲》和蒋祖馨的《第一钢琴奏鸣曲》等11首钢琴曲。 | |
| 606 | 0 | @a钢琴谱@y中国@z现代@j选集 |
| 606 | 0 | @a钢琴谱 |
| 690 | @aJ647.41@v4 | |
| 701 | 0 | @a任音童@9ren yin tong@4编 |
| 701 | 0 | @a巢志珏@9chao zhi jue@4编 |
| 801 | 0 | @aCN@bNLC@c20070807 |
| 905 | @a10447@dJ647.41@e134:2 | |
| 中国钢琴作品选.二/任音童,巢志珏编.-北京:人民音乐出版社,1999(2005) |
| 161页;31cm |
| ISBN 7-103-01705-0:CNY34.00 |
| 本书收王立平的《小奏鸣曲》、杨立青的《小奏鸣曲》、黄虎威的《F小调小奏鸣曲》和蒋祖馨的《第一钢琴奏鸣曲》等11首钢琴曲。 |
| ● |
| 相关链接 |
|
|
|
|
正题名:中国钢琴作品选
索取号:J647.41/134:2
 
预约/预借
| 序号 | 登录号 | 条形码 | 馆藏地/架位号 | 状态 | 备注 |
| 1 | 0802218 | 208022183 | 第一样本阅览室/ [索取号:J647.41/134:2] | 在馆 | |
| 2 | 0802219 | 208022192 | 第一借阅区/ [索取号:J647.41/134:2] | 在馆 | |
| 3 | 0802220 | 208022209 | 第一借阅区/ [索取号:J647.41/134:2] | 在馆 | |
| 4 | 0802221 | 208022218 | 第一借阅区/ [索取号:J647.41/134:2] | 在馆 | |
| 5 | 0802222 | 208022227 | 第一借阅区/ [索取号:J647.41/134:2] | 在馆 | |
| 6 | 0802223 | 208022236 | 第一借阅区/ [索取号:J647.41/134:2] | 在馆 | |
| 7 | 0802224 | 208022245 | 第一借阅区/ [索取号:J647.41/134:2] | 在馆 | |
| 8 | 0802225 | 208022254 | 密集书库-音乐系/ [索取号:J647.41/134:2] | 在馆 | |
| 9 | 0802226 | 208022263 | 密集书库-音乐系/ [索取号:J647.41/134:2] | 在馆 | |
| 10 | 0802227 | 208022272 | 密集书库-音乐系/ [索取号:J647.41/134:2] | 在馆 |